<?xml version="1.0" encoding="UTF-8"?>
<record
    xmlns:xsi="http://www.w3.org/2001/XMLSchema-instance"
    xsi:schemaLocation="http://www.loc.gov/MARC21/slim http://www.loc.gov/standards/marcxml/schema/MARC21slim.xsd"
    xmlns="http://www.loc.gov/MARC21/slim">

  <leader>03598nam a2200553Ia 4500</leader>
  <controlfield tag="001">291</controlfield>
  <controlfield tag="008">241029s9999    xx            000 0 und d</controlfield>
  <datafield tag="010" ind1=" " ind2=" ">
    <subfield code="a">259</subfield>
  </datafield>
  <datafield tag="041" ind1=" " ind2=" ">
    <subfield code="a">Espa&#xF1;ol</subfield>
  </datafield>
  <datafield tag="082" ind1=" " ind2=" ">
    <subfield code="a">NO APLICA</subfield>
  </datafield>
  <datafield tag="245" ind1=" " ind2="0">
    <subfield code="a">Percepci&#xF3;n que tienen orientadores/as y psic&#xF3;logos/as sobre sus competencias especificas para la intervenci&#xF3;n de ni&#xF1;os y ni&#xF1;as con necesidades educativas especiales de las escuelas urbanas de la ciudad de Ban&#xED;, provincia Peravia, Rep&#xFA;blica Dominicana en el a&#xF1;o 2011-2012. </subfield>
  </datafield>
  <datafield tag="260" ind1=" " ind2=" ">
    <subfield code="a">Santo Domingo</subfield>
  </datafield>
  <datafield tag="300" ind1=" " ind2=" ">
    <subfield code="a">117</subfield>
  </datafield>
  <datafield tag="520" ind1=" " ind2=" ">
    <subfield code="a">9</subfield>
  </datafield>
  <datafield tag="630" ind1=" " ind2=" ">
    <subfield code="a">Competencias</subfield>
  </datafield>
  <datafield tag="630" ind1=" " ind2=" ">
    <subfield code="a">Necesidades Educativas</subfield>
  </datafield>
  <datafield tag="630" ind1=" " ind2=" ">
    <subfield code="a">Orientaci&#xF3;n Educativa</subfield>
  </datafield>
  <datafield tag="630" ind1=" " ind2=" ">
    <subfield code="a">Percepci&#xF3;n Docente</subfield>
  </datafield>
  <datafield tag="650" ind1=" " ind2=" ">
    <subfield code="a">Gesti&#xF3;n Educativa</subfield>
  </datafield>
  <datafield tag="690" ind1=" " ind2=" ">
    <subfield code="a">Elaborado</subfield>
  </datafield>
  <datafield tag="700" ind1=" " ind2=" ">
    <subfield code="e">asesor</subfield>
    <subfield code="a">Rodr&#xED;guez , Rocio </subfield>
  </datafield>
  <datafield tag="700" ind1=" " ind2=" ">
    <subfield code="e">autor</subfield>
    <subfield code="a">Guerrero Ram&#xF3;n , Santa Agustina </subfield>
  </datafield>
  <datafield tag="901" ind1=" " ind2=" ">
    <subfield code="a">{"1":"Guerrero Ram&#xF3;n "}</subfield>
    <subfield code="b">{"1":"Santa Agustina "}</subfield>
  </datafield>
  <datafield tag="902" ind1=" " ind2=" ">
    <subfield code="a">1</subfield>
  </datafield>
  <datafield tag="903" ind1=" " ind2=" ">
    <subfield code="a">{"1":"Rodr&#xED;guez "}</subfield>
    <subfield code="b">{"1":"Rocio "}</subfield>
  </datafield>
  <datafield tag="904" ind1=" " ind2=" ">
    <subfield code="a">Maestr&#xED;a en</subfield>
  </datafield>
  <datafield tag="905" ind1=" " ind2=" ">
    <subfield code="a">Gesti&#xF3;n Educativa</subfield>
  </datafield>
  <datafield tag="906" ind1=" " ind2=" ">
    <subfield code="a">2</subfield>
  </datafield>
  <datafield tag="907" ind1=" " ind2=" ">
    <subfield code="a">NO APLICA</subfield>
  </datafield>
  <datafield tag="908" ind1=" " ind2=" ">
    <subfield code="a">NO APLICA</subfield>
  </datafield>
  <datafield tag="909" ind1=" " ind2=" ">
    <subfield code="a">Universidad Nacional Evang&#xE9;lica (UNEV), Recinto Santo Domingo</subfield>
  </datafield>
  <datafield tag="910" ind1=" " ind2=" ">
    <subfield code="a">NULL</subfield>
    <subfield code="b">NULL</subfield>
  </datafield>
  <datafield tag="911" ind1=" " ind2=" ">
    <subfield code="a">["1"]</subfield>
  </datafield>
  <datafield tag="912" ind1=" " ind2=" ">
    <subfield code="a">NO APLICA</subfield>
  </datafield>
  <datafield tag="913" ind1=" " ind2=" ">
    <subfield code="a">NULL</subfield>
  </datafield>
  <datafield tag="914" ind1=" " ind2=" ">
    <subfield code="a">01 de Noviembre de 2012</subfield>
  </datafield>
  <datafield tag="915" ind1=" " ind2=" ">
    <subfield code="a">11/06/14 11:06</subfield>
  </datafield>
  <datafield tag="916" ind1=" " ind2=" ">
    <subfield code="a">NULL</subfield>
  </datafield>
  <datafield tag="917" ind1=" " ind2=" ">
    <subfield code="a">NULL</subfield>
  </datafield>
  <datafield tag="918" ind1=" " ind2=" ">
    <subfield code="a">NO APLICA</subfield>
  </datafield>
  <datafield tag="919" ind1=" " ind2=" ">
    <subfield code="a">["40","145","148","155"]</subfield>
  </datafield>
  <datafield tag="520" ind1=" " ind2=" ">
    <subfield code="a">Los principales prop&#xF3;sito del estudio consistieron en analizar la percepciones de orientadores/as y psic&#xF3;logos /las sobre sus competencias especificas en la intervenci&#xF3;n de ni&#xF1;os y ni&#xF1;as con necesidades educativas especiales de las escuelas urbanas de la ciudad de Ban&#xED;, provincia Peravia, R.D en a&#xF1;o escolar 2011-2012. Tambi&#xEB;n &#xA0;describir la competencias especificas que poseen orientadores/as y psic&#xF3;logos/as para apoyar y orientar a los ni&#xF1;os y ni&#xF1;as que presentan necesidades educativas especiales de las escuelas urbanas de la ciudad de Ban&#xED;, provincia Peravia, R.D durante el a&#xF1;o escolar 2011-2012.La metodolog&#xED;a utilizada fue de corte cualitativo y se fundament&#xF3; en la encuesta y como t&#xE9;cnicas se utiliz&#xF3; el cuestionario. Se trabaj&#xF3; con una poblaci&#xF3;n de 2,467 ni&#xF1;os/as, &#xA0;56 maestra, 13 psic&#xF3;logas y 3 orientadoras y se tom&#xF3; como muestra el 50% de las maestras y el 100%de las psic&#xF3;logas.El estudio concluy&#xF3; que los orientadores/as y &#xA0;psic&#xF3;logos juegan un papel preponderante en la adaptaci&#xF3;n al proceso educativo, ya que son encargados de facilitar, promover y prevenir situaciones dentro y fuera de recintos educativos, 61% de maestra y maestro que los/las psic&#xF3;logos y los orientadores/as muestran una actitud pasiva y desinteresada con los ni&#xF1;os y ni&#xF1;as que se integran a las aulas regulares y que muestra necesidades educativas especiales y que todos los psic&#xF3;logos siempre participan en la identificaci&#xF3;n de dificultades de aprendizajes y desarrollo personal, social de los/las estudiantes y los orientadores avece.&#xA0;El estudio recomienda ofrecer capacitaci&#xF3;n a los orientadores/as, psic&#xF3;logos/as y a los docentes para trabajar con ni&#xF1;os y ni&#xF1;as que presentan necesidades educativas especiales, dise&#xF1;ar estrategia para integrar a las aulas a los /las orientadores y psic&#xF3;logos/as &#xA0;en las escuelas e incorporar psic&#xF3;logos/as cl&#xED;nicos para trabajar espec&#xED;ficamente con ni&#xF1;os y ni&#xF1;as del primer ciclo del Nivel B&#xE1;sico.</subfield>
  </datafield>
  <datafield tag="921" ind1=" " ind2=" ">
    <subfield code="a">16</subfield>
  </datafield>
  <datafield tag="922" ind1=" " ind2=" ">
    <subfield code="a">16</subfield>
  </datafield>
  <datafield tag="923" ind1=" " ind2=" ">
    <subfield code="a">0</subfield>
  </datafield>
  <datafield tag="924" ind1=" " ind2=" ">
    <subfield code="a">NO APLICA</subfield>
  </datafield>
  <datafield tag="942" ind1=" " ind2=" ">
    <subfield code="c">Tesis</subfield>
  </datafield>
  <datafield tag="999" ind1=" " ind2=" ">
    <subfield code="c">259</subfield>
    <subfield code="d">259</subfield>
  </datafield>
</record>
